00414nam a2200169Ia 4500003000400000005001700004008004100021020001400062040000700076041000800083082001600091100003700107245002600144260004500170300001600215365001300231OSt20230610110237.0210423s2010 xx 000 0 und d a195694570 cAL aeng a658.15 SRIR aSRIVASTAVA (Rajiv);MISRA (Anil). aFinancial management. aNew DelhibOxford University Pressc2010 axv,794.bPB b485cINR